Vista normal
Vista MARC
Entrada Personal Name
Número de registros utilizados en: 1
001 - CONTROL NUMBER
- control field: 17051
003 - CONTROL NUMBER IDENTIFIER
- control field: DLC
005 - DATE AND TIME OF LATEST TRANSACTION
- control field: 20250512092559.0
008 - FIXED-LENGTH DATA ELEMENTS
- fixed length control field: 141113n| azannaabn |a aaa c
010 ## - LIBRARY OF CONGRESS CONTROL NUMBER
- LC control number: no2014150757
035 ## - SYSTEM CONTROL NUMBER
- System control number: (OCoLC)oca10014524
040 ## - CATALOGING SOURCE
- Original cataloging agency: IWhI
- Language of cataloging: spa
- Description conventions: rda
- Transcribing agency: Mx-PuUPA
- Modifying agency: Mx-PuUPA
100 1# - HEADING--PERSONAL NAME
- Personal name: Montiel Morales, Gabriel,
370 ## - ASSOCIATED PLACE
- Associated country: México
- Source of term: naf
372 ## - FIELD OF ACTIVITY
- Field of activity: Industria de planificación financiera
- Field of activity: Empresas comerciales--Finanzas
- Source of term: lcsh
374 ## - OCCUPATION
- Occupation: Contador
- Occupation: Planificadores financieros
- Occupation: Consultores empresariales
- Occupation: Autor
- Source of term: lcsh
375 ## - GENDER
- Gender: hombre
377 ## - ASSOCIATED LANGUAGE
- Language code: spa
400 1# - SEE FROM TRACING--PERSONAL NAME
- Personal name: Morales, Gabriel Montiel
670 ## - SOURCE DATA FOUND
- Source citation: Montiel Morales, Gabriel. Cómo tener éxito en la consultoria fiscal, 2012:
- Information found: title page (Gabriel Montiel Morales) page 4 of cover (Gabriel Montiel Morales; C.P.C.; master's in public finance, Universidad Popular Autónoma del Estado de Puebla; specialty in taxes, Universidad de las Américas Puebla)